000 01651nam a22002177a 4500
003 OSt
005 20250623155139.0
008 250530s2016 ag ||||| |||| 00| 1 spa d
020 _a9789876703895
040 _cspa
100 1 _aMankell, Henning,
_d1948-2015,
_eautor
245 1 0 _aBotas de lluvia suecas /
_cHenning Mankell ; traducción del sueco por Gemma Pecharromán Miguel
260 _aBuenos Aires :
_bTusquets,
_c2016
300 _a399 p.
520 _aUna noche de otoño, Fredrik Welin -el protagonista de la inolvidable novela Zapatos italianos- se despierta cuando un ingreso arrasa su casa . A sus sesenta y nueve años, este solitario médico jubilado sale penosamente de entre las llamas, calzado con unas botas de lluvia (pero ambas pertenecen al pie izquierdo). Sólo quedan a la mañana siguiente, unas ruinas malolientes: ha perdido su casa y todas sus pertenencias, y tiene que mudarse a una caravana. Cuando por el archipiélago se extiende el rumor de que él mismo ha provocado el fuego., la policía lo interroga, sin llegar a acusarlo. De pronto, Louise, la hija de Fredrik, viaja hasta la isla por motivos misteriosos. Todos esos acontecimientos sumen en el desconcierto a Fredrik, que ese otoño ve como se acerca a la vejez, también a la muerte. Sin embargo, al conocer a Lisa Modin , una periodista que investiga el incendio, se despiertan en el sentimientos que llevaba mucho tiempo adormecidos y pensara de nuevo en la Nochevieja como la ocasión para festejar con los amigos el gusto de estar vivo.
648 4 _aSiglo XXI
650 4 _aLiteratura
651 4 _aSuecia
655 4 _aNovela
942 _2udc
_cOG
_n0
999 _c514
_d514